000 00601nam a2200229Ia 4500
003 OSt
005 20220928102948.0
006 a|||||r|||| 00| 0
007 ta
008 220927b |||||||| |||| 00| 0 eng d
024 _a64085
037 _cTextual
040 _aSDCL
_cSDCL
_beng
041 _2eng
_aeng
082 _aZ1, L6
100 _aLevi Werner
_9401455
245 0 _aLaw and politics in the international sodciety
260 _aBeverly
_bhills Sage publications
_c1976
300 _a191p.
_ccm.
942 _hZ1, L6
_cTEXL
_2CC
999 _c717329
_d717329